| 000 | 00615nam a22001337a 4500 | ||
|---|---|---|---|
| 040 | _cRUA | ||
| 082 | _aAGR CHH 2011 B049 Or.1 | ||
| 100 | _aCHHORN, SREYPOV. | ||
| 245 | _aEffect of growing method on growth and yield of phkarumdeng rice ឥទ្ធិពលនៃវិធីសាស្រ្តដាំដុះទៅលើការលូតលាស់ និងទិន្នផលស្រូវផ្ការំដេង | ||
| 260 |
_aPhnom Penh _bRUA _c2011 |
||
| 300 |
_axi, 66p. _bill. _c29cm. |
||
| 856 | _uhttps://drive.google.com/file/d/1uaypr_im8q8any1ByWlqqwhXocfT4wWC/view?usp=sharing | ||
| 942 | _cAGR | ||
| 999 |
_c1185 _d1185 |
||